000 01114cam a2200217 4500
008 040112n2003 000 0 eng u
020 _a0203563328
035 _a(Sirsi) u128366
041 _aeng
050 _a721
_c18
245 _aDesigning better buildings
_bquality and value in the built environment
260 _aLondon
_bSpon
_c2003
520 _aThis illustrated book written by practitioners, clients, academics and other experts presents the latest thinking on what design quality is and how it can be achieved. Summarises the benefits that arise from good design with the benefits illustrated through case study examples. Part one describes the perspective of clients and what they expect from design, with part two presenting case studies. Part three examines the processes necessary to achieve design quality, whilst part four discusses the issue of measuring design quality.
650 _aARCHITECTURE
650 _aDESIGN
650 _aDESIGN PRINCIPLES
650 _aDESIGN QUALITY
690 _aBUILT ENVIRONMENT-CONSTRUCTION DESIGN
700 _aMacmillan, Sebastian
942 _n0
999 _c103900
_d103900